Pokémon Trivia - Flying Type - Statistics

General Stats
  • This quiz has been taken 16 times
  • The average score is 6 of 10
Answer Stats
Question Answer % Correct
What is the type most commonly paired with Flying? Normal
100%
Which item powers up Flying moves? Sharp Beak
100%
Which of these is true about Flying type? All of the above are true
75%
Which types is Flying weak to? Ice, Rock, Electric
75%
Which types resist Flying? Rock, Electric, Steel
75%
Only 1 Flying type move was introduced in Generation 2. What was it? Aeroblast
50%
Which Generation introduced the least amount of Flying types? Generation 8
50%
Which of these items do not help evolve a Flying type Pokémon? Oval Stone
25%
What is the strongest Flying type move with a set base power level? (Non Z-move) Sky Attack
25%
Big Pecks is an ability that many flying type Pokémon receive. What does it do? Prevent the user's defense stat from being lowered
0%
No matching quizzes found
Score Distribution
Percent of People with Each Score
Percentile by Number Answered
Your Score History
You have not taken this quiz